[Event "FIDE World Senior Team Championship 2020"]
[Site "Olympik hotel, Sokolovska 138,"]
[Date "2020.03.08"]
[Round "3.20"]
[White "Denk, Adolf"]
[Black "Zeidler, Sven P."]
[Result "1/2-1/2"]
[WhiteElo "2224"]
[BlackElo "2170"]
[PlyCount "97"]
[EventDate "2020.03.06"]
[WhiteTeam "AUT"]
[BlackTeam "WLS1"]

{[%evp 0,34,20,-20,42,43,36,24,68,51,58,58,49,49,27,32,23,19,19,9,10,3,7,9,28,
-2,-2,-67,8,-37,0,-65,-62,-43,-53,-40,-19]} 1. c4 f5 2. Nf3 Nf6 3. g3 g6 4. Bg2
Bg7 5. O-O O-O 6. Nc3 d6 7. Rb1 e5 8. d3 a5 9. a3 Nc6 10. b4 axb4 11. axb4 h6
12. Nd2 f4 13. Nd5 Nd4 14. e3 Nxd5 15. cxd5 Nb5 16. Bb2 Bf5 17. Qb3 Qg5 18.
Rfe1 fxe3 19. fxe3 Bg4 20. Nc4 h5 21. h4 Qf5 22. Rf1 Qd7 23. Qc2 Bh3 24. Qe2
Rxf1+ 25. Rxf1 Ra4 26. Qe1 Bf5 27. Qd2 Bh6 28. Ra1 Rxa1+ 29. Bxa1 Qc8 30. Qc2
Qa8 31. Bb2 Qa2 32. Kf2 Bg7 33. Ke2 Bg4+ 34. Kd2 b6 35. Be4 Bf5 36. Bf3 Bh6 37.
Ke2 Kh7 38. Kd2 Bg7 39. Ke2 Bg4 40. Bxg4 hxg4 41. Ke1 Qa8 42. Qg2 Qa4 43. Qe4
Qxb4+ 44. Kf2 Kh6 45. Qxg4 Nc3 46. Qg5+ Kh7 47. h5 gxh5 48. Qxh5+ Kg8 49. Qe8+
1/2-1/2

[Event "FIDE World Senior Team Championship 2020"]
[Site "Olympik hotel, Sokolovska 138,"]
[Date "2020.03.08"]
[Round "3.20"]
[White "Morris, Charles F"]
[Black "Druckenthaner, Andreas"]
[Result "0-1"]
[WhiteElo "2073"]
[BlackElo "2277"]
[PlyCount "88"]
[EventDate "2020.03.06"]
[WhiteTeam "WLS1"]
[BlackTeam "AUT"]

1. c4 f5 2. g3 Nf6 3. Bg2 d6 4. Nc3 e5 5. d3 Be7 6. e4 c6 7. Nge2 O-O 8. O-O
Qe8 9. b4 fxe4 10. Nxe4 Nxe4 11. dxe4 Be6 12. Qc2 a5 13. Bd2 axb4 14. Bxb4 c5
15. Bd2 Qa4 16. Qxa4 Rxa4 17. Nc3 Rxc4 18. Rab1 Nc6 19. Rxb7 Bd8 20. Rb2 Ba5
21. Nb5 Rb8 22. Bxa5 Nxa5 23. Rfb1 Nc6 24. f4 Rb4 25. a3 Rxb2 26. Rxb2 c4 27.
Rb1 Nd4 28. a4 Kf8 29. Kf2 Ke7 30. Nc3 Rxb1 31. Nxb1 Kd7 32. Nc3 Kc6 33. Ke3
Nb3 34. f5 Bf7 35. g4 Kc5 36. Bf1 Kb4 37. Nb5 c3 38. Bd3 d5 39. exd5 Bxd5 40.
Nc7 Bc4 41. g5 Bxd3 42. Kxd3 e4+ 43. Kc2 Nd4+ 44. Kc1 Kb3 0-1

[Event "FIDE World Senior Team Championship 2020"]
[Site "Olympik hotel, Sokolovska 138,"]
[Date "2020.03.08"]
[Round "3.20"]
[White "Kranzl, Peter"]
[Black "Adams, Mark"]
[Result "1-0"]
[WhiteElo "2153"]
[BlackElo "1949"]
[PlyCount "73"]
[EventDate "2020.03.06"]
[WhiteTeam "AUT"]
[BlackTeam "WLS1"]

1. e4 c5 2. c3 d5 3. exd5 Qxd5 4. d4 Nc6 5. Nf3 Bg4 6. Be2 cxd4 7. cxd4 e6 8.
Nc3 Qa5 9. O-O Nf6 10. h3 Bh5 11. Be3 Be7 12. a3 Nd5 13. Qb3 Qb6 14. Qxb6 Nxb6
15. g4 Bg6 16. Ne5 O-O 17. Rac1 Rfd8 18. Rfd1 Rac8 19. Bf3 Nd5 20. Nxd5 exd5
21. Nxc6 bxc6 22. Rc3 f6 23. Bf4 Kf8 24. b4 Be8 25. Rdc1 Bd7 26. Be2 a6 27.
Bxa6 Ra8 28. Bb7 Ra7 29. Bxc6 Bxc6 30. Rxc6 Rxa3 31. Rb1 Rd7 32. b5 Rb7 33. b6
Ra6 34. Rc8+ Kf7 35. Bc7 Ke6 36. Re1+ Kd7 37. Rg8 1-0

[Event "FIDE World Senior Team Championship 2020"]
[Site "Olympik hotel, Sokolovska 138,"]
[Date "2020.03.08"]
[Round "3.20"]
[White "Hughes, Anthony"]
[Black "Gattermayer, Robert"]
[Result "0-1"]
[WhiteElo "1885"]
[BlackElo "1979"]
[PlyCount "104"]
[EventDate "2020.03.06"]
[WhiteTeam "WLS1"]
[BlackTeam "AUT"]

{[%evp 0,54,20,36,38,38,38,13,13,13,13,-13,58,37,61,55,81,15,15,15,15,15,11,-3,
25,-20,-44,-25,-35,-14,-20,-23,-23,-23,-9,-15,4,34,23,22,24,41,56,61,65,-23,
-10,0,-3,4,21,11,22,0,6,-13,4]} 1. e4 e5 2. Nf3 Nf6 3. Nc3 Nc6 4. d4 exd4 5.
Nxd4 Bc5 6. Be3 Nxd4 7. Bxd4 Qe7 8. e5 Bxd4 9. Qxd4 d6 10. f4 dxe5 11. fxe5 O-O
12. O-O-O Ng4 13. Nd5 Qxe5 14. Qxe5 Nxe5 15. Nxc7 Rb8 16. Bb5 a6 17. Ba4 b5 18.
Bb3 Bb7 19. Rhe1 Ng6 20. g3 Rbc8 21. Nd5 Rfe8 22. Ne3 Ne5 23. Rf1 Bf3 24. Rd6
Be2 25. Rf5 g6 26. Rff6 a5 27. a3 Kg7 28. Kd2 Bc4 29. Nxc4 bxc4 30. Ba4 c3+ 31.
Kc1 cxb2+ 32. Kb1 Re7 33. Bb3 Rc5 34. Rf1 Rb7 35. a4 Nc4 36. Rd3 f6 37. Rfd1
Kh6 38. Rd7 Rb6 39. R1d4 Ne3 40. Rh4+ Kg5 41. Rd2 h5 42. Re4 Ng4 43. h3 Ne5 44.
Rd5 Rc3 45. h4+ Kh6 46. Rxa5 Rxg3 47. Rb5 Rd6 48. a5 Rg4 49. Reb4 Ra6 50. Rxg4
hxg4 51. Rb6 Rxa5 52. Rxf6 g3 0-1

[Event "FIDE World Senior Team Championship 2020"]
[Site "Olympik hotel, Sokolovska 138,"]
[Date "2020.03.08"]
[Round "3.21"]
[White "Goldinger, Peter"]
[Black "Nemec, Pavel"]
[Result "1/2-1/2"]
[WhiteElo "2052"]
[BlackElo "2224"]
[PlyCount "31"]
[EventDate "2020.03.06"]
[WhiteTeam "GER6"]
[BlackTeam "CZE12"]

1. d4 Nf6 2. c4 e6 3. g3 d5 4. Nf3 Be7 5. Bg2 O-O 6. O-O c6 7. Nc3 Nbd7 8. c5
b6 9. b4 a5 10. b5 cxb5 11. c6 Nb8 12. Ne5 Ba6 13. a4 b4 14. Nb5 Ne8 15. Bf4 g5
16. Nxf7 1/2-1/2

[Event "FIDE World Senior Team Championship 2020"]
[Site "Olympik hotel, Sokolovska 138,"]
[Date "2020.03.08"]
[Round "3.21"]
[White "Buksa, Jaromir"]
[Black "Klaiss, Thomas"]
[Result "0-1"]
[WhiteElo "2084"]
[BlackElo "1991"]
[PlyCount "62"]
[EventDate "2020.03.06"]
[WhiteTeam "CZE12"]
[BlackTeam "GER6"]

{[%evp 0,12,20,36,38,19,19,12,16,1,51,40,41,30,53]} 1. e4 e5 2. Nf3 Nf6 3. d4
Nxe4 4. Nxe5 Nf6 5. Bc4 d5 6. Bd3 Be7 7. O-O O-O 8. c3 Re8 9. Bg5 Nbd7 10. Bxf6
Nxf6 11. f4 c5 12. Kh1 Qb6 13. b3 cxd4 14. cxd4 g6 15. Nf3 Bg4 16. Nbd2 Bb4 17.
Be2 Rac8 18. h3 Bxd2 19. hxg4 Bxf4 20. Ng1 Bb8 21. Qe1 Ne4 22. Rf3 Qxd4 23. g3
Nxg3+ 24. Kg2 Nxe2 25. Nxe2 Qxg4+ 26. Kf2 Rc2 27. Re3 Qf4+ 28. Rf3 Qh2+ 29. Kf1
Rcxe2 30. Qf2 Rxf2+ 31. Rxf2 Qh1# 0-1

[Event "FIDE World Senior Team Championship 2020"]
[Site "Olympik hotel, Sokolovska 138,"]
[Date "2020.03.08"]
[Round "3.21"]
[White "Mueller, Thomas"]
[Black "Horyna, Josef"]
[Result "1/2-1/2"]
[WhiteElo "2020"]
[BlackElo "1756"]
[PlyCount "39"]
[EventDate "2020.03.06"]
[WhiteTeam "GER6"]
[BlackTeam "CZE12"]

1. d4 Nf6 2. Nf3 d5 3. c4 e6 4. Nc3 c6 5. e3 Bd6 6. Bd3 dxc4 7. Bxc4 b5 8. Bd3
b4 9. Na4 Nbd7 10. h3 O-O 11. O-O Bb7 12. e4 e5 13. dxe5 Nxe5 14. Nxe5 Bxe5 15.
Nc5 Bc8 16. Qe2 a5 17. Be3 Bd4 18. Rfd1 Bxe3 19. Qxe3 Qe7 20. Bc4 1/2-1/2

[Event "FIDE World Senior Team Championship 2020"]
[Site "Olympik hotel, Sokolovska 138,"]
[Date "2020.03.08"]
[Round "3.21"]
[White "Zabehlicky, Jiri"]
[Black "Dieterle-Bard, Bernhard"]
[Result "1/2-1/2"]
[WhiteElo "1462"]
[BlackElo "1865"]
[PlyCount "138"]
[EventDate "2020.03.06"]
[WhiteTeam "CZE12"]
[BlackTeam "GER6"]

{[%evp 0,58,20,36,24,19,19,25,15,24,3,-8,9,9,27,3,-7,2,3,-4,3,3,9,19,14,0,14,1,
-4,-19,-15,-12,-9,5,3,19,20,25,35,4,22,10,22,14,3,-4,-6,-6,0,0,-4,-6,0,0,0,0,
15,2,-19,-19,-15]} 1. e4 e5 2. Nf3 Nc6 3. Bc4 Bc5 4. c3 Nf6 5. d3 O-O 6. O-O h6
7. Be3 Bxe3 8. fxe3 d6 9. Bb3 Bg4 10. Nbd2 Na5 11. Bc2 c5 12. Qe1 b5 13. a4 b4
14. c4 Rb8 15. b3 Nd7 16. Qg3 Bxf3 17. Rxf3 Nc6 18. Raf1 Ne7 19. Qf2 Nf6 20.
Qg3 Ng6 21. Qh3 Qd7 22. Qxd7 Nxd7 23. g3 Rbe8 24. Kg2 Re6 25. h3 Rf6 26. Rxf6
Nxf6 27. Nf3 Nh7 28. g4 Ng5 29. Kg3 f6 30. h4 Nxf3 31. Rxf3 Ne7 32. Rf2 g6 33.
Kh3 f5 34. gxf5 gxf5 35. Rg2+ Kf7 36. Rf2 Ke6 37. Bd1 Ng6 38. exf5+ Rxf5 39.
Bg4 Ne7 40. Bxf5+ Nxf5 41. e4 Nd4 42. Rb2 h5 43. Kg3 Kf6 44. Kf2 Ne6 45. Ke3
Nd4 46. Kf2 Ne6 47. Ke3 Nd4 48. Rf2+ Kg7 49. Rg2+ Kh7 50. Rf2 Kg7 51. Kd2 Nxb3+
52. Kc2 Nd4+ 53. Kb2 Ne6 54. Rf5 Nf4 55. Rg5+ Kh7 56. Kc2 Kh6 57. Rg8 Ng6 58.
Ra8 Nxh4 59. Rxa7 Nf3 60. a5 Nd4+ 61. Kb2 Nc6 62. Ra6 Nxa5 63. Rxa5 h4 64. Ra8
Kg5 65. Rg8+ Kf4 66. Rf8+ Kg3 67. Rg8+ Kf2 68. Rh8 Kg3 69. Rg8+ Kf2 1/2-1/2

[Event "FIDE World Senior Team Championship 2020"]
[Site "Olympik hotel, Sokolovska 138,"]
[Date "2020.03.08"]
[Round "3.22"]
[White "Jackson, Sheila"]
[Black "Robertson, Ian C."]
[Result "1-0"]
[WhiteElo "2085"]
[BlackElo "2107"]
[PlyCount "35"]
[EventDate "2020.03.06"]
[WhiteTeam "ENGW"]
[BlackTeam "SCO2"]

1. e4 e6 2. d4 d5 3. Nd2 a5 4. Ngf3 a4 5. a3 c5 6. exd5 exd5 7. Bb5+ Nc6 8.
Qe2+ Be6 9. Ne5 Qb6 10. Ndf3 c4 11. Bxc6+ bxc6 12. Nxf7 Kxf7 13. Ng5+ Ke8 14.
Qxe6+ Ne7 15. Nf7 Rg8 16. Bg5 Qc7 17. O-O h6 18. Nd6+ 1-0

[Event "FIDE World Senior Team Championship 2020"]
[Site "Olympik hotel, Sokolovska 138,"]
[Date "2020.03.08"]
[Round "3.22"]
[White "Stevenson, James"]
[Black "Bellin, Jana M"]
[Result "1-0"]
[WhiteElo "2020"]
[BlackElo "2020"]
[PlyCount "53"]
[EventDate "2020.03.06"]
[WhiteTeam "SCO2"]
[BlackTeam "ENGW"]

1. e4 c5 2. d4 cxd4 3. c3 dxc3 4. Nxc3 e6 5. Nf3 Bc5 6. Bc4 d6 7. O-O a6 8. Qe2
b5 9. Bb3 Ne7 10. Rd1 Nbc6 11. e5 Qc7 12. exd6 Bxd6 13. Ne4 Bb4 14. a3 Ba5 15.
Nd6+ Kf8 16. Ng5 Nd8 17. Qf3 Qc6 18. Qh5 Ng6 19. Be3 Bb7 20. Nxb7 Qxb7 21. Bc2
Rc8 22. Be4 Qb8 23. Bxg6 fxg6 24. Qf3+ Ke7 25. Rxd8 Rhxd8 26. Qf7+ Kd6 27.
Qxe6+ 1-0

[Event "FIDE World Senior Team Championship 2020"]
[Site "Olympik hotel, Sokolovska 138,"]
[Date "2020.03.08"]
[Round "3.22"]
[White "Lauterbach, Ingrid"]
[Black "Aird, Ian"]
[Result "1-0"]
[WhiteElo "2057"]
[BlackElo "1848"]
[PlyCount "109"]
[EventDate "2020.03.06"]
[WhiteTeam "ENGW"]
[BlackTeam "SCO2"]

1. Nf3 d5 2. g3 Nf6 3. Bg2 e6 4. O-O Be7 5. d3 O-O 6. Nbd2 Nc6 7. e4 dxe4 8.
dxe4 e5 9. c3 a5 10. Qc2 Be6 11. Re1 h6 12. Nf1 Bc5 13. h3 Re8 14. b3 Qe7 15.
Be3 Rad8 16. Nh4 Bxe3 17. Nxe3 g6 18. Rad1 Rxd1 19. Rxd1 Rd8 20. Nd5 Bxd5 21.
exd5 Nb8 22. c4 b6 23. Re1 Kg7 24. Qb2 Nbd7 25. Nf3 Re8 26. a3 Kg8 27. Nd4 Qc5
28. Nc6 Qd6 29. b4 axb4 30. axb4 h5 31. Na7 Qf8 32. h4 Kh7 33. Nb5 Rc8 34. Qd2
Ne8 35. Bh3 f5 36. Ra1 Nd6 37. Na7 Ne4 38. Qb2 Ra8 39. Bg2 Nd6 40. Bf1 Ne4 41.
Bg2 Nd6 42. Qc3 Qb8 43. c5 bxc5 44. bxc5 Rxa7 45. cxd6 Rxa1+ 46. Qxa1 cxd6 47.
Qa5 Nc5 48. Bf1 e4 49. Qa1 Qb7 50. Qd4 Qe7 51. Bc4 Qg7 52. Qe3 Qe5 53. Kg2 Kg7
54. Qa3 Nd7 55. Qa7 1-0

[Event "FIDE World Senior Team Championship 2020"]
[Site "Olympik hotel, Sokolovska 138,"]
[Date "2020.03.08"]
[Round "3.22"]
[White "Grant, Glynis"]
[Black "Fink-Nunn, Petra"]
[Result "0-1"]
[WhiteElo "1249"]
[BlackElo "1983"]
[PlyCount "70"]
[EventDate "2020.03.06"]
[WhiteTeam "SCO2"]
[BlackTeam "ENGW"]

1. e4 e5 2. Nf3 Nc6 3. Nc3 Nf6 4. Bb5 Bd6 5. Bxc6 dxc6 6. d3 h6 7. h3 Be6 8.
Ne2 c5 9. c4 O-O 10. Ng3 Qd7 11. Nh4 Rfd8 12. Qf3 Bf8 13. Ke2 Kh7 14. b3 Ng8
15. Bb2 f6 16. Rad1 g6 17. Nf1 Bg7 18. Ne3 Qf7 19. g4 Rd6 20. Qg3 Rad8 21. Nf3
Qd7 22. Ne1 Ra6 23. Ra1 Ne7 24. h4 Nc6 25. g5 Nd4+ 26. Bxd4 Qxd4 27. N3c2 Qb2
28. Kd2 Rxa2 29. Rxa2 Qxa2 30. Kc3 Qa5+ 31. Kb2 Qd2 32. gxf6 Bxf6 33. Rg1 Bf7
34. Qf3 Qf4 35. Qxf4 exf4+ 0-1

[Event "FIDE World Senior Team Championship 2020"]
[Site "Olympik hotel, Sokolovska 138,"]
[Date "2020.03.08"]
[Round "3.23"]
[White "Pauch, Jan"]
[Black "Horak, Vladimir"]
[Result "1-0"]
[WhiteElo "2004"]
[BlackElo "1982"]
[PlyCount "99"]
[EventDate "2020.03.06"]
[WhiteTeam "CZE10"]
[BlackTeam "CZE14"]

1. e4 e6 2. d4 d5 3. e5 c5 4. c3 Nc6 5. Nf3 Qb6 6. a3 c4 7. Nbd2 Na5 8. Be2 Bd7
9. O-O O-O-O 10. Rb1 f6 11. Qe1 Ba4 12. Bd1 Bxd1 13. Qxd1 Nh6 14. b3 Qc7 15.
bxc4 Nxc4 16. Nxc4 dxc4 17. Bxh6 gxh6 18. Qa4 a6 19. Rfe1 f5 20. Nd2 Qc6 21.
Qxc6+ bxc6 22. Nxc4 c5 23. Red1 cxd4 24. cxd4 Kd7 25. Rb7+ Ke8 26. a4 Bc5 27.
Rc7 Bb4 28. Ra7 a5 29. Kf1 Rd7 30. Ra8+ Rd8 31. Ra6 Ke7 32. Nxa5 Bxa5 33. Rxa5
Ra8 34. Rxa8 Rxa8 35. Ra1 Ra5 36. Ke2 Kd7 37. Kd3 Kc6 38. Kc4 Kb6 39. Kb4 Rd5
40. a5+ Ka6 41. Kc4 Rb5 42. Ra2 Rd5 43. f4 Rd7 44. Rd2 Rd5 45. Rd3 Rxa5 46. d5
exd5+ 47. Rxd5 Ra4+ 48. Kc5 Kb7 49. Kd6 Kc8 50. e6 1-0

[Event "FIDE World Senior Team Championship 2020"]
[Site "Olympik hotel, Sokolovska 138,"]
[Date "2020.03.08"]
[Round "3.23"]
[White "Grecny, Karol"]
[Black "Korenek, Frantisek"]
[Result "1-0"]
[WhiteElo "1839"]
[BlackElo "1952"]
[PlyCount "121"]
[EventDate "2020.03.06"]
[WhiteTeam "CZE14"]
[BlackTeam "CZE10"]

1. e4 c5 2. Nf3 Nc6 3. d4 cxd4 4. Nxd4 Nf6 5. Nc3 e5 6. Ndb5 d6 7. Nd5 Nxd5 8.
exd5 Ne7 9. c4 Nf5 10. Bd3 Nh4 11. O-O a6 12. Nc3 Be7 13. Be3 O-O 14. f4 exf4
15. Bxf4 Qb6+ 16. Rf2 Bf6 17. Na4 Qa7 18. Bxd6 Bd4 19. c5 Bxf2+ 20. Kxf2 b5 21.
Nb6 Bf5 22. Nxa8 Rxa8 23. g3 Rd8 24. gxh4 Bxd3 25. Qxd3 Rxd6 26. Qe3 Rf6+ 27.
Kg2 Qd7 28. Qe4 Rg6+ 29. Kh1 Rg4 30. Qe5 f6 31. c6 Qc8 32. Qe7 Rd4 33. Rg1 g6
34. h5 Qf5 35. Qe8+ Kg7 36. h6+ Kxh6 37. Qe3+ Rf4 38. c7 g5 39. Qe6 Qd3 40. Qe1
Qxd5+ 41. Rg2 Qc4 42. Qg3 Qxc7 43. Rf2 Qc6+ 44. Kg1 Qc1+ 45. Kg2 Rxf2+ 46. Qxf2
Qf4 47. Qe2 g4 48. Qe7 Qf3+ 49. Kg1 Qd1+ 50. Kg2 Qd5+ 51. Kg1 Kg6 52. Qe8+ Qf7
53. Qc8 h5 54. Qxa6 Qc4 55. Qa3 h4 56. Qe3 h3 57. b3 Qd5 58. Qe8+ Kg5 59. Qe3+
Kf5 60. Qf2+ Qf3 61. Qxf3+ 1-0

[Event "FIDE World Senior Team Championship 2020"]
[Site "Olympik hotel, Sokolovska 138,"]
[Date "2020.03.08"]
[Round "3.23"]
[White "Hejda, Antonin"]
[Black "Maly, Dusan"]
[Result "1-0"]
[WhiteElo "1907"]
[BlackElo "1742"]
[PlyCount "65"]
[EventDate "2020.03.06"]
[WhiteTeam "CZE10"]
[BlackTeam "CZE14"]

1. d4 Nf6 2. c4 e5 3. dxe5 Ng4 4. Qd4 h5 5. h3 Nc6 6. Qe4 Nh6 7. Nc3 Bb4 8. a3
Bxc3+ 9. bxc3 Qe7 10. Nf3 f6 11. Qg6+ Qf7 12. Qxf7+ Kxf7 13. exf6 gxf6 14. Nd4
a6 15. Nxc6 dxc6 16. Bf4 Be6 17. c5 b6 18. Bxc7 bxc5 19. Rb1 Nf5 20. e4 Nh4 21.
Bg3 Ng6 22. Rb7+ Ke8 23. Rb6 Ne5 24. Bxe5 fxe5 25. Rxc6 Kd7 26. Rxc5 Kd6 27.
Ra5 Rhb8 28. Bd3 Bc4 29. Kd2 Rb2+ 30. Ke3 Bxd3 31. Rd5+ Ke6 32. Rxd3 Rf8 33.
Rf1 1-0

[Event "FIDE World Senior Team Championship 2020"]
[Site "Olympik hotel, Sokolovska 138,"]
[Date "2020.03.08"]
[Round "3.23"]
[White "Laloucek, Miroslav"]
[Black "Musil, Martin"]
[Result "0-1"]
[WhiteElo "1733"]
[BlackElo "1937"]
[PlyCount "28"]
[EventDate "2020.03.06"]
[WhiteTeam "CZE14"]
[BlackTeam "CZE10"]

1. f4 d5 2. Nf3 Nc6 3. e3 Nf6 4. b3 e6 5. Bb2 Be7 6. c4 O-O 7. Na3 Nb4 8. Nc2
b6 9. a3 Na6 10. b4 c5 11. b5 Nc7 12. d3 Bb7 13. g3 dxc4 14. dxc4 Qxd1+ 0-1

[Event "FIDE World Senior Team Championship 2020"]
[Site "Olympik hotel, Sokolovska 138,"]
[Date "2020.03.08"]
[Round "3.24"]
[White "Palkova, Hana"]
[Black "Schiller, Dirk"]
[Result "1/2-1/2"]
[WhiteElo "1859"]
[BlackElo "1747"]
[PlyCount "66"]
[EventDate "2020.03.06"]
[WhiteTeam "CZEW2"]
[BlackTeam "GER12"]

1. d4 d5 2. Nf3 Nf6 3. c3 c6 4. e3 Bf5 5. Bd3 Bxd3 6. Qxd3 e6 7. O-O Bd6 8. b3
Nbd7 9. Nbd2 O-O 10. Bb2 h6 11. Rfd1 Nh7 12. e4 Rc8 13. c4 Ng5 14. e5 Be7 15.
Nxg5 Bxg5 16. Nf3 Be7 17. Re1 Re8 18. Re2 Nf8 19. Rae1 Ng6 20. g3 Bb4 21. Bc3
Bxc3 22. Qxc3 Ne7 23. c5 b5 24. cxb6 axb6 25. b4 Ra8 26. Rb1 b5 27. Nh4 Qd7 28.
f4 Ra6 29. Qc5 Rea8 30. Rbb2 Qa7 31. Qc3 Ra3 32. Qd2 Qd7 33. Kg2 R8a6 1/2-1/2

[Event "FIDE World Senior Team Championship 2020"]
[Site "Olympik hotel, Sokolovska 138,"]
[Date "2020.03.08"]
[Round "3.24"]
[White "Nowack, Achim"]
[Black "Vorackova, Jarmila"]
[Result "1/2-1/2"]
[WhiteElo "1725"]
[BlackElo "1824"]
[PlyCount "49"]
[EventDate "2020.03.06"]
[WhiteTeam "GER12"]
[BlackTeam "CZEW2"]

1. e4 c6 2. d4 d5 3. e5 Bf5 4. Ne2 e6 5. Ng3 Bg6 6. Be2 c5 7. c3 Nc6 8. O-O Qb6
9. Qa4 cxd4 10. cxd4 Qxd4 11. Qb5 Qb6 12. Qxb6 axb6 13. Bb5 Bxb1 14. Rxb1 Rxa2
15. Bd2 Bc5 16. Nh5 Kf8 17. Rfc1 g6 18. Bxc6 bxc6 19. Nf6 Kg7 20. Nd7 Ne7 21.
Nxc5 bxc5 22. Bg5 Ng8 23. Rxc5 h6 24. Bd8 Ra8 25. Bc7 1/2-1/2

[Event "FIDE World Senior Team Championship 2020"]
[Site "Olympik hotel, Sokolovska 138,"]
[Date "2020.03.08"]
[Round "3.24"]
[White "Havlickova, Lenka"]
[Black "Berber, Theodor"]
[Result "1-0"]
[WhiteElo "1895"]
[BlackElo "1586"]
[PlyCount "85"]
[EventDate "2020.03.06"]
[WhiteTeam "CZEW2"]
[BlackTeam "GER12"]

1. d4 Nf6 2. c4 g6 3. Nf3 Bg7 4. Nc3 O-O 5. Bf4 d6 6. e3 Nbd7 7. Bd3 c5 8. Qc2
a6 9. O-O Nh5 10. Bg5 Nhf6 11. Rad1 b6 12. h3 Qe8 13. Rfe1 Bb7 14. d5 Rb8 15.
Bf4 Nh5 16. Bh2 Ne5 17. Nxe5 dxe5 18. g4 Nf6 19. Bxe5 Ra8 20. Bg3 Qd7 21. Qe2
Bc8 22. Ne4 Nxe4 23. Bxe4 f5 24. Bf3 b5 25. d6 Bb7 26. dxe7 Qxe7 27. Bd6 Bxf3
28. Qxf3 Qe4 29. Qxe4 fxe4 30. Bxf8 Rxf8 31. cxb5 axb5 32. b3 Bc3 33. Re2 Ra8
34. Rc2 b4 35. Rd7 Re8 36. Rc7 Re5 37. a3 h5 38. Kg2 h4 39. a4 Rd5 40. Ra2 Be5
41. Rc6 Kf7 42. a5 Bb8 43. a6 1-0

[Event "FIDE World Senior Team Championship 2020"]
[Site "Olympik hotel, Sokolovska 138,"]
[Date "2020.03.08"]
[Round "3.25"]
[White "Grosselohmann, Gerhard"]
[Black "Frostick, Clive A"]
[Result "0-1"]
[WhiteElo "1965"]
[BlackElo "2082"]
[PlyCount "46"]
[EventDate "2020.03.06"]
[WhiteTeam "GER9"]
[BlackTeam "ENG2"]

1. d4 d5 2. Nf3 e6 3. g3 Nf6 4. Bg2 Be7 5. O-O O-O 6. c4 dxc4 7. Qc2 a6 8. a4
Bd7 9. Ne5 Bc6 10. Nxc6 Nxc6 11. e3 Na5 12. Nd2 c5 13. Nxc4 cxd4 14. Nxa5 Qxa5
15. Bxb7 Rab8 16. Qc6 d3 17. Qxa6 Qb4 18. Rd1 Rxb7 19. Rxd3 Rb6 20. Qa7 Qe1+
21. Kg2 Ne4 22. Rd2 Nxd2 23. Qxb6 Qf1# 0-1

[Event "FIDE World Senior Team Championship 2020"]
[Site "Olympik hotel, Sokolovska 138,"]
[Date "2020.03.08"]
[Round "3.25"]
[White "Fraser-Mitchell, Jeremy N"]
[Black "Buchholz, Ralf"]
[Result "1-0"]
[WhiteElo "2059"]
[BlackElo "1851"]
[PlyCount "115"]
[EventDate "2020.03.06"]
[WhiteTeam "ENG2"]
[BlackTeam "GER9"]

{[%evp 0,62,20,20,34,4,8,43,42,49,38,33,37,23,15,4,28,18,72,83,84,84,83,87,89,
89,89,83,94,56,42,42,25,19,32,30,48,35,51,67,52,63,95,67,75,3,28,29,29,28,33,
18,40,38,58,49,62,16,10,14,1,11,110,103,172]} 1. d4 Nf6 2. c4 c5 3. d5 d6 4.
Nc3 g6 5. e4 Bg7 6. f3 O-O 7. Bg5 h6 8. Be3 e5 9. Qd2 Kh7 10. Bd3 Na6 11. Nge2
Bd7 12. O-O Nc7 13. Kh1 a6 14. g4 b5 15. Ng3 bxc4 16. Bxc4 Bb5 17. b3 Bxc4 18.
bxc4 Rb8 19. Rab1 Qd7 20. Rb2 Rb4 21. Rxb4 cxb4 22. Nb1 Rb8 23. c5 dxc5 24.
Bxc5 a5 25. Rc1 Na6 26. Be3 Rc8 27. Kg2 Ne8 28. Ne2 Nd6 29. Qd3 Rxc1 30. Nxc1
Qb5 31. Nd2 Bf8 32. Qxb5 Nxb5 33. Nc4 Bc5 34. Bxc5 Nxc5 35. Nxa5 f5 36. exf5
gxf5 37. Nc6 fxg4 38. fxg4 Nc3 39. Nxb4 Kg6 40. h4 Kf6 41. Kf3 Ke7 42. g5 hxg5
43. hxg5 Kf7 44. Kg4 Kg6 45. d6 N3e4 46. Ncd3 Nd7 47. Nc6 Nxd6 48. Ndxe5+ Nxe5+
49. Nxe5+ Kg7 50. a4 Nb7 51. Nc6 Nc5 52. a5 Na6 53. Kf5 Kf7 54. g6+ Kg7 55. Nd4
Nb8 56. Kg5 Na6 57. Nf5+ Kg8 58. Kh6 1-0

[Event "FIDE World Senior Team Championship 2020"]
[Site "Olympik hotel, Sokolovska 138,"]
[Date "2020.03.08"]
[Round "3.25"]
[White "Schwieger, Wolfgang"]
[Black "White, Nigel"]
[Result "0-1"]
[WhiteElo "1835"]
[BlackElo "2001"]
[PlyCount "80"]
[EventDate "2020.03.06"]
[WhiteTeam "GER9"]
[BlackTeam "ENG2"]

1. d4 Nf6 2. Nf3 g6 3. c4 Bg7 4. Nc3 d6 5. e4 O-O 6. Be2 e5 7. dxe5 dxe5 8. O-O
Nbd7 9. Qc2 c6 10. b3 Re8 11. h3 h6 12. Rd1 Nh5 13. Kh2 Qf6 14. Bf1 Nc5 15. b4
Ne6 16. Bb2 Ng5 17. Nxg5 Qxg5 18. Qd2 Qf6 19. Qe3 Nf4 20. g3 Ne6 21. Ne2 g5 22.
Rd2 Bf8 23. a3 a5 24. bxa5 Rxa5 25. f4 gxf4 26. gxf4 Nxf4 27. Qg3+ Ng6 28. Qc3
Ra8 29. Ng3 Be6 30. Bg2 Qg5 31. Rf2 Bc5 32. Rf3 Rad8 33. Bc1 Qh4 34. Ra2 Rd4
35. Nf5 Bxf5 36. Rxf5 Rd1 37. Be3 Bxe3 38. Qxe3 Red8 39. Raf2 R8d3 40. Qa7 Qg3#
0-1

[Event "FIDE World Senior Team Championship 2020"]
[Site "Olympik hotel, Sokolovska 138,"]
[Date "2020.03.08"]
[Round "3.25"]
[White "Lawrence, Paul"]
[Black "Carsten, Juergen"]
[Result "1-0"]
[WhiteElo "1894"]
[BlackElo "1781"]
[PlyCount "115"]
[EventDate "2020.03.06"]
[WhiteTeam "ENG2"]
[BlackTeam "GER9"]

1. c4 e5 2. Nc3 c6 3. Nf3 d6 4. g3 Nf6 5. d3 Be7 6. Bg2 d5 7. cxd5 cxd5 8. Nxe5
d4 9. Qa4+ Nbd7 10. Qxd4 Nxe5 11. Qxe5 O-O 12. O-O a6 13. Bf4 Ne8 14. Nd5 Bd6
15. Qe4 Be6 16. Rac1 Bxf4 17. Nxf4 Bxa2 18. Qa4 Be6 19. Nxe6 fxe6 20. Rc2 Qb6
21. e3 Nf6 22. Rfc1 Nd5 23. Bxd5 exd5 24. Qa2 Rad8 25. Rc5 Qf6 26. b4 Qf7 27.
Rc7 Qf3 28. h4 b5 29. Qb2 Rf7 30. Rxf7 Qxf7 31. Qe5 Rf8 32. f4 Re8 33. Qd4 Qe6
34. Kf2 Rd8 35. Kg2 Re8 36. Rc7 Qf6 37. Qxf6 gxf6 38. Kf3 Re6 39. Rd7 h6 40.
Rxd5 Kg7 41. Rc5 Rd6 42. d4 Kg6 43. g4 Kf7 44. d5 h5 45. e4 Kg6 46. e5 hxg4+
47. Kxg4 f5+ 48. Kg3 Rd8 49. Rc6+ Kh5 50. d6 a5 51. bxa5 b4 52. Rb6 Ra8 53. d7
b3 54. Rxb3 Rh8 55. Rd3 Rd8 56. a6 Ra8 57. d8=Q Rxa6 58. Qg5# 1-0

[Event "FIDE World Senior Team Championship 2020"]
[Site "Olympik hotel, Sokolovska 138,"]
[Date "2020.03.08"]
[Round "3.26"]
[White "Davis, Lee"]
[Black "Hahn, Andreas"]
[Result "1-0"]
[WhiteElo "1955"]
[BlackElo "1892"]
[PlyCount "83"]
[EventDate "2020.03.06"]
[WhiteTeam "WLS2"]
[BlackTeam "GER8"]

1. d4 d5 2. g3 c6 3. Bg2 h6 4. Nf3 Nf6 5. O-O Bg4 6. Ne5 Bf5 7. c4 e6 8. Nc3
Nbd7 9. cxd5 exd5 10. Qb3 Qb6 11. Nxd7 Nxd7 12. e4 dxe4 13. Re1 Be6 14. Rxe4
O-O-O 15. Rxe6 Qxb3 16. Rxc6+ bxc6 17. axb3 Kb7 18. d5 Nb8 19. Be3 a6 20. Rc1
Bd6 21. dxc6+ Nxc6 22. Ne2 Be5 23. Bxc6+ Kb8 24. Bf3 Rc8 25. Nc3 Rhd8 26. Ra1
Bxc3 27. bxc3 Rxc3 28. Rxa6 Rxb3 29. Bb6 Rxf3 30. Bxd8 Rd3 31. Be7 Kc7 32. Ra1
g6 33. Kg2 h5 34. Bc5 Kc6 35. Be3 Kd6 36. Ra5 Ke6 37. Kf3 Rd6 38. Rb5 Rd3 39.
Ke4 Rd7 40. Rb6+ Ke7 41. Bc5+ Ke8 42. Rb8+ 1-0